000 00204nam a2200097Ia 4500
008 190216s9999||||xx |||||||||||||| ||und||
100 _aJoseph M C
245 0 _aPrabhodhanam
260 _bNull
942 _cBK
999 _c24433
_d24433